[Event "OP-2010-0-01266"]
[Site "LSS email"]
[Date "2010.09.18"]
[Round "?"]
[White "Dube, Daniel"]
[Black "Solbes Carbo, Bautista"]
[Result "1-0"]
[WhiteElo "1508"]
[BlackElo "1200"]
[PlyCount "71"]
[EventDate "2010.09.13"]
[EventType "tourn (corr)"]
[EventRounds "4"]
[EventCountry "GER"]
[SourceTitle "Telechess CBM 143"]
[Source "ChessBase"]
[SourceDate "2011.07.15"]
[SourceVersion "1"]
[SourceVersionDate "2011.07.15"]
[SourceQuality "1"]

1. d4 Nf6 2. Nf3 d5 3. c4 dxc4 4. e3 e6 5. Bxc4 c5 6. 0-0 a6 7. Qe2 b5 8. Bb3 Bb7 9. a4 b4 10. Rd1 Be7 11. Nbd2 0-0 12. Nc4 Nbd7 13. Nfe5 Qc7 14. Bd2 a5 15. Rac1 Rfd8 16. Nd3 Ba6 17. f3 Qa7 18. Qf2 cxd4 19. exd4 Rac8 20. Kh1 Nd5 21. Nde5 Nxe5 22. Nxe5 Bb7 23. Qg3 Qb6 24. Rxc8 Rxc8 25. Bh6 Bf8 26. Bf4 Nf6 27. Qf2 g6 28. Qh4 Nh5 29. Be3 Bg7 30. Nd7 Qd6 31. Nc5 Bd5 32. Bc2 Bf6 33. Qe1 Ng7 34. Qd2 Nf5 35. Bf4 Qd8 36. Bxf5 1-0

[Event "OP-2010-0-01266"]
[Site "LSS email"]
[Date "2010.09.18"]
[Round "?"]
[White "Solbes Carbo, Bautista"]
[Black "Grabowski, Benedykt"]
[Result "0-1"]
[WhiteElo "1200"]
[BlackElo "1860"]
[PlyCount "24"]
[EventDate "2010.09.13"]
[EventType "tourn (corr)"]
[EventRounds "4"]
[EventCountry "GER"]
[SourceTitle "Corr 2013"]
[Source "ChessBase"]
[SourceDate "2012.11.12"]
[SourceVersion "1"]
[SourceVersionDate "2012.11.12"]
[SourceQuality "1"]

1. d4 Nf6 2. Bg5 Ne4 3. Bh4 c5 4. f3 Nf6 5. d5 Qb6 6. e4 e6 7. Nd2 exd5 8. exd5 Nxd5 9. Nc4 Qh6 10. Bg3 Nb4 11. Qe2+ Qe6 12. 0-0-0 Nxa2+ 0-1

[Event "OP-2010-0-01266"]
[Site "LSS email"]
[Date "2010.09.17"]
[Round "?"]
[White "Bateman, Ron"]
[Black "Solbes Carbo, Bautista"]
[Result "1-0"]
[WhiteElo "800"]
[BlackElo "1200"]
[PlyCount "29"]
[EventDate "2010.09.13"]
[EventType "tourn (corr)"]
[EventRounds "4"]
[EventCountry "GER"]
[SourceTitle "Corr 2015"]
[Source "ChessBase"]
[SourceDate "2015.07.17"]
[SourceVersion "1"]
[SourceVersionDate "2015.07.17"]
[SourceQuality "1"]

1. e4 c5 2. Nf3 Nc6 3. Nc3 e5 4. Bc4 Be7 5. d3 d6 6. 0-0 Nf6 7. Bg5 0-0 8. Bxf6 Bxf6 9. Nd5 Be6 10. c3 Na5 11. Re1 Nxc4 12. dxc4 Be7 13. Qe2 b6 14. Rad1 Qd7 15. h3 1-0